000
00266nam a2200109 a 4500
005
20201002052955.0
008
150827s1997 000 spa d
020
_a
8482610449
245
0
_a
Iguanita.
260
_a
Santo Domingo : Santillana,
_c
1997.
999
_c
46064
_d
46064
040
_a
DO-SdBNP